| 000 | 00563cam a22002291 4500 | ||
|---|---|---|---|
| 001 | sa 67006174 | ||
| 003 | DLC | ||
| 005 | 20260227112404.0 | ||
| 008 | 950223s1963 ii 000 0 tamo | ||
| 010 | _asa 67006174 | ||
| 025 | _aPL480:I-T-1649 | ||
| 035 | _a(OCoLC)32040456 | ||
| 040 |
_aDLC _cCU _dCU _dDLC |
||
| 042 | _apremarc | ||
| 050 | 0 | 0 |
_aPL4758.6.T33 _bK3 1963 |
| 100 | 1 | _aKapilan, V. | |
| 245 | 1 | 0 | _aTan̲ippāṭal nakaiccuvai. |
| 260 | _c[1963] | ||
| 300 |
_a152 p. _c18 cm. |
||
| 500 | _aIn Tamil. | ||
| 630 | 0 | 0 | _aTan̲ippāṭal tiraṭṭu. |
| 999 |
_c75744 _d75744 |
||